000 00290nam a22001337a 4500
008 170728b xxu||||| |||| 00| 0 eng d
020 _a9781418865658
041 _aeng
080 _22ND
_a004
100 _a31
101 _aSHK
245 _aMULTIMEDIA BASICS
_cWEIXEL,S
942 _2udc
_cBK
999 _c22067
_d22067